Fisco Agenda 2014

Bibliographic Details
Format: eBook
Language:Spanish
Published: Mx̌ico D.F.: Ediciones Fiscales ISEF, 2014
Subjects:
Online Access:Acceso restringido

MARC

LEADER 00000nam a22000007a 4500
005 20131224135510.0
007 cr|||| ||||
008 131224s2013 mx |||||s|||| 00||0 spa d
020 |a 978-607-406-594-7 
035 |a 11727 
040 |a vLex 
090 |c 4659  |d 4659 
245 0 0 |a Fisco Agenda 2014  |h [Recurso electrn̤ico] 
256 |a Servicio en ln̕ea 
260 |a Mx̌ico D.F.:  |b Ediciones Fiscales ISEF,  |c 2014 
300 |a 1 recurso electrn̤ico 
506 1 |a Contenido solo disponible en los productos indicados  |d vLex Global  |d vLex Global (Academic Edition, excluding Law Schools)  |d vLex Global (U.S. Academic Edition, Law Schools)  |d vLex Global (U.S. Academic Edition, excluding Law Schools)  |d vLex Global (Academic Edition, Law Schools) 
650 0 4 |a Derecho fiscal  |z Mx̌ico 
740 0 |a vLex Libros (Servicio en ln̕ea) 
856 4 0 |u http://vlex.com/source/fisco-agenda-2014-11727  |z Acceso restringido 
942 |c BOOK 
999 0 |a Taxation